íCosta Rica está en Marcha! /
محفوظ في:
| المؤلف الرئيسي: | |
|---|---|
| التنسيق: | نص |
| الوسوم: |
إضافة وسم
لا توجد وسوم, كن أول من يضع وسما على هذه التسجيلة!
|
MARC
| LEADER | 00000 a a2200000 04500 | ||
|---|---|---|---|
| 001 | 47852 | ||
| 003 | |||
| 040 | |||
| 100 | |a Calderón Fournier, Rafael Angel | ||
| 245 | |a íCosta Rica está en Marcha! / |c Rafael Angel Calderón Fournier | ||
| 773 | |g número27, (julio-setiembre, 1992), pp 57-71 | ||
| 999 | |c 22102 |d 22102 | ||
